Guess the Mystery Song from the Lyrics #14 - Statistics

General Stats
  • This quiz has been taken 22 times
  • The average score is 139 of 208
Answer Stats
Lyrics % Correct
a
100%
I
100%
the
94%
We
94%
we
94%
You
94%
you
94%
And
89%
and
89%
my
83%
of
83%
on
83%
are
78%
go
78%
in
78%
me
78%
no
78%
No
78%
all
72%
it
72%
that
72%
world
72%
bad
67%
but
67%
But
67%
champions
67%
end
67%
for
67%
friend
67%
keep
67%
we'll
67%
fighting
61%
it's
61%
I've
61%
Time
61%
time
61%
come
56%
til'
56%
'til
56%
'Cause
50%
had
50%
lose
50%
We're
50%
after
44%
committed
44%
crimes
44%
done
44%
friends
44%
losers
44%
made
44%
bed
39%
been
39%
dues
39%
face
39%
few
39%
goes
39%
gonna
39%
mistakes
39%
paid
39%
sentence
33%
share
33%
thank
33%
We Are the Champions - Queen
33%
with
33%
everything
28%
roses
28%
through
28%
ain't
17%
calls
17%
cruise
17%
curtain
17%
kicked
17%
pleasure
17%
taken
17%
whole
17%
brought
11%
fame
11%
fortune
11%
sand
11%
before
6%
bows
6%
challenge
6%
consider
6%
human
6%
race
6%
No matching quizzes found
Score Distribution
Percent of People with Each Score
Percentile by Number Answered
Your Score History
You have not taken this quiz